[Event "Moscow op-E"]
[Site "Moscow"]
[Date "2011.02.02"]
[Round "5.219"]
[White "Sklovsky, Stanislav"]
[Black "Leite, Ernest"]
[Result "0-1"]
[WhiteElo "2001"]
[BlackElo "1973"]
[PlyCount "82"]
[EventDate "2011.01.29"]
[EventType "swiss"]
[EventRounds "9"]
[EventCountry "RUS"]
[SourceTitle "EXT 2022"]
[Source "ChessBase"]
[SourceDate "2021.10.06"]
[SourceVersion "1"]
[SourceVersionDate "2021.10.06"]
[SourceQuality "1"]

1. e4 c5 2. Nf3 d6 3. Bb5+ Bd7 4. Bxd7+ Qxd7 5. d4 cxd4 6. Qxd4 Nc6 7. Qe3 Nf6 8. 0-0 g6 9. Nc3 Bg7 10. h3 0-0 11. Rd1 Qc7 12. Nd5 Nxd5 13. exd5 Nb4 14. Qe4 Qxc2 15. Qxc2 Nxc2 16. Rb1 Nb4 17. a3 Na6 18. Bg5 Rfe8 19. b4 Rac8 20. Rb3 Kf8 21. Be3 b6 22. Nd4 Bxd4 23. Bxd4 Rc4 24. Kf1 Rec8 25. Ke2 Ke8 26. Re3 Kd7 27. g4 Nc7 28. Bb2 Rc2+ 29. Rd2 Rxd2+ 30. Kxd2 Nxd5 31. Rf3 Ke8 32. Rd3 e6 33. Bd4 Ke7 34. Bb2 Nf4 35. Rf3 e5 36. g5 Ke6 37. Re3 Rc4 38. Ba1 Nd5 39. Rg3 Rh4 40. Bb2 Nf4 41. Rc3 Kd7 0-1

[Event "Moscow June op"]
[Site "Moscow"]
[Date "2006.07.09"]
[Round "6"]
[White "Leite, Ernest"]
[Black "Berdnikov, Valentin"]
[Result "1-0"]
[WhiteElo "2046"]
[BlackElo "1975"]
[PlyCount "69"]
[EventDate "2006.06.24"]
[EventType "swiss"]
[EventRounds "9"]
[EventCountry "RUS"]
[SourceTitle "EXT 2008"]
[Source "ChessBase"]
[SourceDate "2007.11.25"]
[SourceVersion "1"]
[SourceVersionDate "2007.11.25"]
[SourceQuality "1"]

1. d4 Nf6 2. c4 g6 3. Nc3 d5 4. Nf3 Bg7 5. Bg5 Ne4 6. cxd5 Nxg5 7. Nxg5 e6 8. Nf3 exd5 9. e3 0-0 10. Bd3 c6 11. 0-0 Nd7 12. Rc1 Re8 13. b4 a6 14. a4 Nb6 15. b5 axb5 16. axb5 Bg4 17. h3 Bxf3 18. Qxf3 Ra3 19. bxc6 bxc6 20. Rfd1 Qa8 21. Ne2 Na4 22. Rb1 Ra2 23. Rdc1 Nb2 24. Rc3 Nxd3 25. Rxd3 Qa6 26. Nc1 Ra3 27. Qd1 Ra8 28. Rxa3 Qxa3 29. Nd3 Bf8 30. Rc1 Ra6 31. Ne5 c5 32. dxc5 Bxc5 33. Nd7 Bd6 34. Nf6+ Kg7 35. Nxd5 1-0